Úzkomezerové obvodové svary automatem pod tavidlem u silnostěnných tlakových nádob jaderných reaktorů

Bibliographic Details
Main Authors: Barták, Jiří, 1939 október 6.- (Author), Königsmark, Jiří (Author)
Format: Article
Language:Czech
PhysicalDescription:Obr. 4. Grafy 8. Sch. 4., lit. 7 zázn. v češ., nem.
Subjects:

MARC

LEADER 00000nab a2200000 a 4500
001 vtls000295685
005 20260402150820.0
008 250423c1987 xo 0 cze
015 |a SNBRB19rr/mm-uuuuu 
035 |a CL0305804 
035 |a urn:nbn:sk:snk-ab6p35 
035 |a (uuid)1dcd3045-8bbf-475a-ab4d-24f7939d8fdd 
035 |a (urnnbn)urn:nbn:sk:snk:ar-005psb 
035 |a (sysno)vtls000295685 
040 |a SNKBUCL  |b slo  |c SNKBUCL  |e AACR2 
041 0 |a cze 
044 |a xo  |c SK 
080 |a 621.791.75  |2 1981 
080 |a 621.039.536  |2 1981 
080 |a 621.772.4  |2 1981 
100 1 |a Barták, Jiří,   |d 1939 október 6.-  |4 aut  |9 1636105 
245 1 0 |a Úzkomezerové obvodové svary automatem pod tavidlem u silnostěnných tlakových nádob jaderných reaktorů  |c Jiří Barták, Jiří Königsmark 
300 |b Obr. 4. Grafy 8. Sch. 4., lit. 7 zázn. v češ., nem. 
650 0 7 |a jadrové reaktory  |2 snkbucl  |9 69454 
650 0 7 |a tlakové nádoby  |2 snkbucl  |9 73347 
650 0 7 |a zváranie automatom pod tavivom  |2 snkbucl  |9 1262833 
655 7 |a články z novín a časopisov  |2 snkbucl  |9 267496 
700 1 |a Königsmark, Jiří  |4 aut  |9 451448 
773 0 |t Zváranie  |g Roč. 36, č. 10 (1987), s. 309-314 
852 |a Slovenská národná knižnica 
954 |a odborná, vedecká literatúra pôvodná (slovenská)  |2 lita 
954 |a odborná, vedecká literatúra cudzojazyčná (svetová)  |2 lita 
958 |a article 
958 |a OND 
958 |a NB 
958 |a RK 
958 |a CZ 
958 |a EUIPO 
999 |c 3136239  |d 3138169